000 00550nam a22001697a 4500
003 LC
005 20231108121359.0
008 151126b xxu||||| |||| 00| 0 eng d
020 _a9787561930007
050 _aTR IB PL 1129. Y19 2011
100 _aMa, Yamin
245 _aEasy steps to chinese 8 textbook :
_bsimplified characters version /
_cYamin Ma, Xinying Li
260 _aBeijing : China
_bBeijing Language and Culture University Press
_c2011
300 _a234 pages.,
_bcol.,ill.;
_c28 cm.
700 _aLi, Xinying
942 _2lcc
_cBK
999 _c288980
_d288980